Galatians. (Record no. 4546)

000 -LEADER
fixed length control field 00479nam a2200169 a 4500
001 - CONTROL NUMBER
control field :::00002285$&:&@@
003 - CONTROL NUMBER IDENTIFIER
control field OkBaRHE
005 - DATE AND TIME OF LATEST TRANSACTION
control field 20001026111641.0
008 - FIXED-LENGTH DATA ELEMENTS--GENERAL INFORMATION
fixed length control field s1965 j 000 0 eng u
040 ## - CATALOGING SOURCE
Transcribing agency
100 1# - MAIN ENTRY--PERSONAL NAME
Personal name De Haan, M. R.
245 10 - TITLE STATEMENT
Title Galatians.
260 ## - PUBLICATION, DISTRIBUTION, ETC. (IMPRINT)
Place of publication, distribution, etc Grand Rapids, Michigan
Name of publisher, distributor, etc Zondervan
Date of publication, distribution, etc 1965
300 ## - PHYSICAL DESCRIPTION
Extent 184 p. ;
Dimensions 19 cm.
942 ## - ADDED ENTRY ELEMENTS (KOHA)
Source of classification or shelving scheme
Koha item type Books
Copies
Withdrawn status Date acquired Date last seen Price effective from Damaged status Source of classification or shelving scheme Full call number Koha item type Barcode Not for loan Permanent Location Copy number Shelving location Lost status
 2010-04-142018-04-032010-04-14  BS 2685.3 .D5Books2285 RHEMA Bible Training College1General Stacks